000 00753nam a2200205Ii 4500
003 JO-AjNU
008 230605s9999||||xx |||||||||||||| ||und||
040 _aJO-AjNU
_bara
_erda
_cJO-AjNU
041 _aara
050 1 4 _aDT257.B3348 1967
100 3 _aالدار التونسية للنشر، تونس,
_eauthor
_919294
245 0 0 _aوثائق تونسية: ثورة ابن غذاهم 1864، الجزء الأول
264 3 1 _aتونس: الدار التونسية للنشر، 1967
300 _aج1، 379ص
336 _atext
_btxt
_2rdacontent
337 _aunmediated
_bn
_2rdamedia
338 _avolume
_bnc
_2rdacarrier
490 0 _aالمكتبة التاريخية؛ 4
650 4 _aثورة ابن غذاهم - تونس - تاريخ
_919295
999 _aA6338
_c9906
_d9906